| 000 | 00823nam a22002417a 4500 | ||
|---|---|---|---|
| 999 |
_c7276 _d7276 |
||
| 003 | AR-CdUCM | ||
| 008 | 190320b ||||| |||| 00| 0 spa d | ||
| 040 |
_aMUNICIPALIDAD PROVINCIAL DEL CUSCO _cBIBLIOTECA MUNICIPAL DEL CUSCO |
||
| 082 |
_a335.4 / _bK65 |
||
| 100 |
_aKniazeba, L. _920502 |
||
| 245 | _aEl comunismo / | ||
| 260 |
_aMexico : _bGrijalbo, _c1968. |
||
| 300 |
_a156 páginas ; _c18 cm. |
||
| 440 |
_aColección 70 _n13 _920503 |
||
| 505 | _aDesarrollo de las ideas comunistas -- La formación político social del comunismo -- El trabajo comunista -- La educación comunista... | ||
| 650 |
_aComunismo. _9495 |
||
| 650 |
_aIdeas comunistas. _920504 |
||
| 650 |
_aPolítica comunista. _920505 |
||
| 650 |
_aIdeas comunistas. _920504 |
||
| 700 |
_aLain, José _910646 |
||
| 942 |
_2ddc _cLIBROS |
||
| 945 | _awfj | ||